DATA COMMUNICATION AND NETWORKING (Record no. 204632)

MARC details
000 -LEADER
fixed length control field 00580nam a2200205Ia 4500
003 - CONTROL NUMBER IDENTIFIER
control field OSt
005 - DATE AND TIME OF LATEST TRANSACTION
control field 20251121160832.0
020 ## - INTERNATIONAL STANDARD BOOK NUMBER
International Standard Book Number 0-07-251584-8
040 ## - CATALOGING SOURCE
Transcribing agency LC
050 ## - LIBRARY OF CONGRESS CALL NUMBER
Classification number TK 5105 .F 67 2004
Item number 1
100 ## - MAIN ENTRY--PERSONAL NAME
Personal name FOROUZAN, BEHROUZ A
245 #0 - TITLE STATEMENT
Title DATA COMMUNICATION AND NETWORKING
250 ## - EDITION STATEMENT
Edition statement 3
260 ## - PUBLICATION, DISTRIBUTION, ETC.
Place of publication, distribution, etc. BOSTON,
Name of publisher, distributor, etc. McGRAW-HILL HIGHER EDUCATION,
Date of publication, distribution, etc. 2004,
300 ## - PHYSICAL DESCRIPTION
Extent XXXiV, 973 P, ILL
500 ## - GENERAL NOTE
General note INCLUDES INDEX
650 ## - SUBJECT ADDED ENTRY--TOPICAL TERM
Topical term or geographic name entry element Data transmissios systems, Computer networks TCP/IP (Computer network protocol)
700 ## - ADDED ENTRY--PERSONAL NAME
Personal name FEGAN, CHUNG SOPHIA
942 ## - ADDED ENTRY ELEMENTS (KOHA)
Koha item type Long Loan Book
Source of classification or shelving scheme Library of Congress Classification
Suppress in OPAC No
Holdings
Withdrawn status Lost status Source of classification or shelving scheme Damaged status Not for loan Collection Home library Current library Shelving location Date acquired Inventory number Total checkouts Full call number Barcode Date last seen Date last checked out Copy number Price effective from Koha item type
    Library of Congress Classification     Science & Technology Kisii University Library Kisii University Library On Display 07/29/2024 51924 1 TK 5105 .F 67 2004 037433 12/16/2024 12/02/2024 1 07/29/2024 Long Loan Book